000 00604naa a2200205 i 4500
001 85654
003 ES-MaBCM
005 20241016125156.0
008 020821s2002 esp 000 0 spa d
021 _axx
035 _a(OCoLC)1365127574
040 _cES-MaBCM
041 0 _aspa
043 _aesp
100 1 _aHernández Valle, Rubén
_921942
245 1 0 _aLa democracia interna de los partidos políticos
_cRubén Hernández Valle
650 2 7 _aPartidos políticos
_959719
773 0 _aEn:
_tRevista de derecho político
_dMadrid : 2002
_w105091
_gn. 53, p. 473-492. - Loc. S.105
942 _cAREV
999 _c85654
_d85654